5HLuxD.jpg

KING HENRY VIII SENIOR AND PRIMARY SCHOOL LIBRARY OPAC

EXPLORING SPACE (Record no. 4907)

000 -LEADER
fixed length control field 00328nam a22001217a 4500
008 - FIXED-LENGTH DATA ELEMENTS--GENERAL INFORMATION
fixed length control field 250422b ||||| |||| 00| 0 eng d
020 ## - INTERNATIONAL STANDARD BOOK NUMBER
International Standard Book Number 9781406379815
082 ## - DEWEY DECIMAL CLASSIFICATION NUMBER
Classification number 629.409 JEN
100 ## - MAIN ENTRY--PERSONAL NAME
Personal name JENKINS,MARTIN
Relator term AUTHOR
245 ## - TITLE STATEMENT
Title EXPLORING SPACE
260 ## - PUBLICATION, DISTRIBUTION, ETC.
Place of publication, distribution, etc. 87 VAUXHALL WALK,LONDON SE11 5HJ
Name of publisher, distributor, etc. WALKER BOOKS LTD
Date of publication, distribution, etc. 2017
942 ## - ADDED ENTRY ELEMENTS (KOHA)
Source of classification or shelving scheme
Holdings
Withdrawn status Lost status Source of classification or shelving scheme Damaged status Not for loan Collection code Permanent Location Current Location Shelving location Date acquired Full call number Barcode Date last seen Price effective from Koha item type Public note
          Non-Fiction KH8 Primary School Library KH8 Primary School Library Non Fiction 2025-04-22 629.409 JEN KHPL000006762 2025-12-05 2025-04-22 Books - Non Ficton KH8 PRIMARY LIBRARY

Powered By KH8 IT Dept